000
00231nam a2200109Ia 4500
005
20251222144758.0
008
251222s9999||||xx |||||||||||||| ||spa||
082
_a
600/I59/1997
245
0
_a
PerĂº:
264
_b
INEI
942
_c
LIB
999
_c
19623
_d
19623